Countries That Have Witnessed Genocide - Statistics

General Stats
  • This quiz has been taken 32 times
  • The average score is 29 of 51
Answer Stats
Hint Answer % Correct
1941 Germany
91%
1915 Armenia
82%
1947 India
82%
1971 Pakistan
82%
1971 Bangladesh
77%
1949 China
77%
1988 Iraq
77%
2023 Palestine
77%
1939 Poland
77%
1994 Rwanda
77%
1991 Serbia
77%
2003 Sudan
77%
1990 Afghanistan
73%
1990 Democratic Republic of the Congo
73%
2011 Syria
73%
1992 Bosnia and Herzegovina
68%
1910 Mexico
68%
2017 Myanmar
68%
1990 Somalia
68%
1915 Turkey
68%
1932 Ukraine
68%
1975 Cambodia
64%
1975 Lebanon
64%
1967 Nigeria
64%
1948 South Africa
64%
1991 Croatia
59%
1904 Namibia
59%
2015 Yemen
59%
2000 Chad
55%
1970 Ethiopia
55%
1914 Greece
55%
1965 Indonesia
55%
1941 Belarus
50%
1937 Haiti
50%
1983 Sri Lanka
50%
1998 Kosovo
45%
1990 Kuwait
41%
1970 Tanzania
41%
1970 Uganda
41%
2013 Central African Republic
36%
1980 Guatemala
36%
1952 Kenya
32%
1989 Liberia
32%
2000 Nepal
32%
1990 Nepal
32%
1980 Zimbabwe
27%
1975 East Timor
23%
1941 Estonia
23%
1941 Latvia
23%
1941 Lithuania
23%
1960 Malawi
9%
No matching quizzes found
Score Distribution
Percent of People with Each Score
Percentile by Number Answered
Your Score History
You have not taken this quiz